[Event "Hereford International"]
[Site "Hereford ENG"]
[Date "2006.08.30"]
[EventDate "2006.08.29"]
[Round "3"]
[Result "1-0"]
[White "Gawain Jones"]
[Black "Peter John Sowray"]
[WhiteElo "2416"]
[BlackElo "2357"]
[PlyCount "93"]

1. e4 e5 2. Nf3 Nc6 3. d4 exd4 4. Nxd4 Bc5 5. Be3 Qf6 6. Nb5
Bxe3 7. fxe3 Qh4+ 8. g3 Qd8 9. Qg4 g6 10. Qf4 d6 11. N1c3 a6
12. Nd4 Ne5 13. Be2 Be6 14. O-O-O Nf6 15. Rhf1 Nfd7 16. g4 Qe7
17. Nd5 Bxd5 18. exd5 h6 19. a4 Nb6 20. Nb3 Kf8 21. Na5 Rb8
22. Qd4 Kg8 23. Rf2 Kh7 24. Rh1 Qh4 25. Rhf1 Rhf8 26. Nb3 Nbd7
27. Nd2 Kg8 28. Qf4 Nc5 29. a5 Kg7 30. b4 Ncd7 31. Ne4 f6
32. Nd2 Rbe8 33. Nb3 Nf7 34. Qc4 Qg5 35. Qxc7 Rxe3 36. Kb1
Rfe8 37. Qxd7 Qxd5 38. Nc1 Qd4 39. Qxb7 Ra3 40. Nb3 Rxb3+
41. cxb3 Rxe2 42. Rxe2 Qd3+ 43. Rc2 Qxf1+ 44. Ka2 Qd3 45. Rc7
Kg8 46. Qc8+ Kg7 47. Qd7 1-0

[Event "Hereford International"]
[Site "Hereford ENG"]
[Date "2006.09.01"]
[EventDate "2006.08.29"]
[Round "6"]
[Result "0-1"]
[White "Maxim L Devereaux"]
[Black "Gawain Jones"]
[WhiteElo "2377"]
[BlackElo "2416"]
[PlyCount "104"]

1. e4 g6 2. d4 Bg7 3. c4 d6 4. Nc3 Nd7 5. Nf3 a6 6. h3 e6
7. Bg5 Ne7 8. Qd2 h6 9. Be3 b6 10. Bd3 Bb7 11. O-O f5 12. Rfe1
Nf6 13. exf5 Bxf3 14. fxe6 Bb7 15. Qc2 O-O 16. Bxg6 Nxg6
17. Qxg6 Qe8 18. Qg3 Qxe6 19. Bxh6 Qf7 20. Qxg7+ Qxg7 21. Bxg7
Kxg7 22. Re7+ Rf7 23. Rae1 Rg8 24. g3 d5 25. cxd5 Nxd5
26. Rxf7+ Kxf7 27. Kh2 Nxc3 28. bxc3 Rg5 29. g4 Ra5 30. Kg3
Rxa2 31. h4 a5 32. h5 Rc2 33. Re3 a4 34. h6 a3 35. h7 Kg7
36. Re7+ Kh8 37. g5 Be4 38. Rxe4 Rxc3+ 39. Kg4 Kxh7 40. Re7+
Kg8 41. Re8+ Kg7 42. Ra8 b5 43. f4 b4 44. Ra4 Rc1 45. f5 b3
46. Rxa3 b2 47. Rb3 b1=Q 48. Rxb1 Rxb1 49. Kf4 Rb5 50. Ke4 c6
51. Kf4 Rd5 52. Ke4 Kf7 0-1

[Event "Hereford International"]
[Site "Hereford ENG"]
[Date "2006.09.02"]
[EventDate "2006.08.29"]
[Round "7"]
[Result "1/2-1/2"]
[White "Gawain Jones"]
[Black "Colin A McNab"]
[WhiteElo "2416"]
[BlackElo "2433"]
[PlyCount "158"]

1. d4 d6 2. e4 Nf6 3. Nc3 g6 4. Be3 c6 5. Qd2 Bg7 6. f3 Qa5
7. Bd3 Nbd7 8. Nge2 e5 9. Bh6 Bxh6 10. Qxh6 Qb4 11. dxe5 dxe5
12. O-O-O Qf8 13. Qd2 Qe7 14. g4 Nc5 15. Ng3 h5 16. g5 Nfd7
17. h4 Nb6 18. f4 Nxd3+ 19. cxd3 Bg4 20. Nge2 O-O-O 21. fxe5
Nc4 22. Qf4 Nxe5 23. d4 Nc4 24. Kb1 Rhe8 25. Rh2 Qd6 26. e5
Qb4 27. Qc1 Na3+ 28. Ka1 Nb5 29. Nxb5 Qxb5 30. Nc3 Qb4 31. a3
Qb3 32. Rdd2 Kb8 33. Rh1 Re7 34. d5 cxd5 35. Rd4 Qb6 36. Qf4
Be6 37. Rhd1 Red7 38. Rb4 Qc5 39. Na4 Qa5 40. Nc3 a6 41. Qd4
Rc8 42. Ra4 Qc5 43. Qf4 Qe7 44. Rdd4 Rdc7 45. Qe3 Rc5 46. Rd2
R8c6 47. Kb1 Qc7 48. Rb4 Qa5 49. Na2 Rc4 50. Rd4 Rxd4 51. Qxd4
Qc5 52. Nc3 Kc7 53. Kc1 b5 54. Kd2 Qxd4+ 55. Rxd4 Rc4 56. Ke3
Kc6 57. Ne2 Rc2 58. Rd2 Rxd2 59. Kxd2 d4 60. Nxd4+ Kd5 61. Ke3
Kxe5 62. b3 Bd5 63. a4 bxa4 64. bxa4 Be4 65. a5 Bd5 66. Nc2
Bc4 67. Nb4 Bb5 68. Nc2 Kd5 69. Kf4 Kc4 70. Na3+ Kb4 71. Nxb5
Kxb5 72. Ke5 Kxa5 73. Kf6 Kb4 74. Kxf7 a5 75. Kxg6 a4 76. Kxh5
a3 77. g6 a2 78. g7 a1=Q 79. g8=Q Qe5+ 1/2-1/2

[Event "Hereford International"]
[Site "Hereford ENG"]
[Date "2006.09.02"]
[EventDate "2006.08.29"]
[Round "8"]
[Result "1-0"]
[White "Daniel Gormally"]
[Black "Gawain Jones"]
[WhiteElo "2513"]
[BlackElo "2416"]
[PlyCount "177"]

1. e4 d5 2. exd5 Qxd5 3. Nf3 Nf6 4. d4 Bg4 5. Be2 e6 6. h3 Bh5
7. O-O c6 8. c4 Qd8 9. Nc3 Be7 10. Be3 O-O 11. Qb3 Qc7 12. d5
exd5 13. cxd5 Nxd5 14. Nxd5 cxd5 15. Qxd5 Bg6 16. Rac1 Nc6
17. Nd4 Rad8 18. Qb3 Bf6 19. Nxc6 bxc6 20. Qa3 Be4 21. Rc4 Bd5
22. Ra4 Qe5 23. Rxa7 Qxb2 24. Qxb2 Bxb2 25. a4 Rfe8 26. Rd1
Ra8 27. Bf3 Rxa7 28. Bxa7 Bxf3 29. gxf3 g6 30. Bb6 Kg7 31. a5
Ra8 32. Rd8 Ra6 33. Rc8 Kh6 34. Rc7 Bc3 35. Rxf7 Bxa5 36. Be3+
g5 37. Rd7 Kg6 38. Rd6+ Kf7 39. Kg2 Bb4 40. Rh6 Kg7 41. Bxg5
Bc5 42. Re6 Kf7 43. Rf6+ Kg7 44. f4 Ra2 45. Rxc6 Bxf2 46. Kf3
Bd4 47. Ke4 Ra4 48. Kf5 Ra5+ 49. Kg4 Ra7 50. h4 Kf7 51. Rh6
Bg7 52. Rc6 Rb7 53. Bd8 Ke8 54. Rc8 Kf7 55. Ba5 Ra7 56. Rc5
Rb7 57. Rh5 Ra7 58. Be1 Ra1 59. Bf2 Ra2 60. Bg3 Ra3 61. Rf5+
Kg8 62. h5 Ra6 63. Bh4 Ra7 64. Bg5 Rb7 65. h6 Bb2 66. Bd8 Ba1
67. Ba5 Bb2 68. Kf3 Ba1 69. Ke4 Bb2 70. Kd3 Ba1 71. Kc4 Rf7
72. Rg5+ Kh8 73. Bd2 Rc7+ 74. Kd3 Rd7+ 75. Ke3 Bd4+ 76. Ke4
Bf6 77. Rg2 Rd8 78. Kf5 Bd4 79. Ke6 Rg8 80. Rh2 Ra8 81. f5
Ra6+ 82. Kd5 Ba1 83. Rg2 Ra8 84. Rg1 Bf6 85. Ke6 Bb2 86. Bb4
Rg8 87. Rb1 Bd4 88. f6 Rb8 89. f7 1-0

[Event "Hereford International"]
[Site "Hereford ENG"]
[Date "2006.09.03"]
[EventDate "2006.08.29"]
[Round "9"]
[Result "1/2-1/2"]
[White "Gawain Jones"]
[Black "Richard J Palliser"]
[WhiteElo "2416"]
[BlackElo "2413"]
[PlyCount "53"]

1. d4 d5 2. c4 e6 3. Nf3 Nf6 4. Nc3 dxc4 5. e4 Bb4 6. Bg5 c5
7. Bxc4 cxd4 8. Nxd4 Bxc3+ 9. bxc3 Qa5 10. Bb5+ Nbd7 11. Bxf6
Qxc3+ 12. Kf1 gxf6 13. h4 a6 14. Rh3 Qa5 15. Be2 Ne5 16. Qb3
b5 17. Rd1 Bd7 18. f4 Nc4 19. Bxc4 bxc4 20. Qb7 Rd8 21. Nc6
Bxc6 22. Qxc6+ Ke7 23. Qb7+ Ke8 24. Qc6+ Ke7 25. Qb7+ Ke8
26. Qc6+ Ke7 27. Qb7+ 1/2-1/2

[Event "European Union Individual Championships"]
[Site "Liverpool ENG"]
[Date "2006.09.07"]
[EventDate "2006.09.06"]
[Round "2"]
[Result "1-0"]
[White "Gawain Jones"]
[Black "Duncan Grassie"]
[WhiteElo "2416"]
[BlackElo "2042"]
[PlyCount "67"]

1. e4 e6 2. d4 d5 3. Nd2 Nf6 4. e5 Nfd7 5. Bd3 c5 6. c3 Nc6
7. Ngf3 cxd4 8. cxd4 f6 9. exf6 Nxf6 10. O-O Bd6 11. Re1 O-O
12. Nb3 Qc7 13. h3 e5 14. dxe5 Nxe5 15. Nxe5 Bxe5 16. Bg5 Bd7
17. Bxf6 Bxf6 18. Qh5 g6 19. Qxd5+ Kh8 20. Qc5 Bc6 21. Nd4 Qd7
22. Nxc6 bxc6 23. Qc2 Bd4 24. Re2 Rae8 25. Be4 Re5 26. Rd1 Rf4
27. Kh1 Rh5 28. f3 c5 29. b4 Qg7 30. bxc5 Rxc5 31. Qb1 Rf8
32. Qb4 Rd8 33. Red2 a5 34. Rxd4 1-0

[Event "European Union Individual Championships"]
[Site "Liverpool ENG"]
[Date "2006.09.08"]
[EventDate "2006.09.06"]
[Round "3"]
[Result "0-1"]
[White "James N H Hawkins"]
[Black "Gawain Jones"]
[WhiteElo "2022"]
[BlackElo "2416"]
[PlyCount "102"]

1. e4 g6 2. d4 Bg7 3. Nc3 d6 4. Be3 a6 5. a4 b6 6. Qd2 Bb7
7. f3 Nd7 8. Bc4 e6 9. Nge2 h6 10. O-O-O Ne7 11. Nf4 Nf8
12. Rhe1 Qd7 13. Qd3 Nh7 14. g4 O-O 15. h4 c6 16. Qd2 b5
17. Bb3 Kh8 18. Rg1 Qc8 19. Nd3 Ng8 20. f4 Rd8 21. Qg2 c5
22. dxc5 b4 23. Ne2 Nhf6 24. Nf2 dxc5 25. Rxd8 Qxd8 26. Bxc5
Rc8 27. Bd4 Nxe4 28. Bxg7+ Kxg7 29. Nxe4 Nf6 30. N2g3 Nxe4
31. Nxe4 Qd3 32. Kb1 Qxe4 33. Qxe4 Bxe4 34. Rd1 Bf3 35. Rd6 a5
36. g5 hxg5 37. hxg5 Rh8 38. Rd7 Rh1+ 39. Ka2 Kf8 40. Ra7 Rh4
41. Rxa5 Rxf4 42. Rb5 Ke7 43. a5 Rf5 44. c4 bxc3 45. Rxf5 exf5
46. bxc3 f6 47. gxf6+ Kxf6 48. Kb2 g5 49. Kc2 g4 50. Kd2 g3
51. Ke3 Bc6 0-1

[Event "European Union Individual Championships"]
[Site "Liverpool ENG"]
[Date "2006.09.10"]
[EventDate "2006.09.06"]
[Round "5"]
[Result "1/2-1/2"]
[White "Gawain Jones"]
[Black "Thomas Luther"]
[WhiteElo "2416"]
[BlackElo "2589"]
[PlyCount "53"]

1. e4 e6 2. d4 d5 3. Nd2 c5 4. exd5 Qxd5 5. Ngf3 cxd4 6. Bc4
Qd6 7. Bb3 Nc6 8. O-O Nf6 9. Nc4 Qd8 10. Nce5 Nxe5 11. Nxe5 a6
12. c3 Bc5 13. Bg5 O-O 14. Qf3 h6 15. Bh4 Be7 16. Rfd1 Nd7
17. Nxf7 Bxh4 18. Nxd8 Rxf3 19. gxf3 Bxd8 20. Rxd4 Bf6
21. Bxe6+ Kf8 22. Bxd7 Bxd4 23. Bxc8 Rxc8 24. cxd4 Rc2 25. b3
b5 26. Kg2 Rd2 27. a4 1/2-1/2

[Event "European Union Individual Championships"]
[Site "Liverpool ENG"]
[Date "2006.09.11"]
[EventDate "2006.09.06"]
[Round "6"]
[Result "0-1"]
[White "Klaus Bischoff"]
[Black "Gawain Jones"]
[WhiteElo "2533"]
[BlackElo "2416"]
[PlyCount "62"]

1. d4 Nf6 2. c4 c5 3. Nf3 cxd4 4. Nxd4 e5 5. Nb5 d5 6. cxd5
Bc5 7. N5c3 O-O 8. e3 e4 9. Be2 Qe7 10. a3 Rd8 11. Nd2 Nxd5
12. Nxd5 Rxd5 13. Qc2 Bf5 14. b4 Bb6 15. Bb2 Nc6 16. O-O Bc7
17. Rfd1 Rc8 18. Qb3 Be6 19. Qa4 b5 20. Bxb5 Bxh2+ 21. Kxh2
Qh4+ 22. Kg1 Rh5 23. f4 Qh2+ 24. Kf2 Rh3 25. Nf1 Rf3+ 26. Ke1
Qxg2 27. Rd2 Qg1 28. Rad1 Bh3 29. Qa6 Rxe3+ 30. Re2 Qxf1+
31. Kd2 Rd8+ 0-1

[Event "European Union Individual Championships"]
[Site "Liverpool ENG"]
[Date "2006.09.13"]
[EventDate "2006.09.06"]
[Round "8"]
[Result "1-0"]
[White "Gawain Jones"]
[Black "Gediminas Sarakauskas"]
[WhiteElo "2416"]
[BlackElo "2414"]
[PlyCount "115"]

1. e4 c5 2. Nf3 e6 3. d3 Nc6 4. g3 g6 5. Bg5 Qc7 6. Bg2 Bg7
7. c3 Nge7 8. O-O O-O 9. Qd2 d5 10. Re1 dxe4 11. dxe4 Rd8
12. Qe2 h6 13. Be3 b6 14. Na3 a6 15. Rad1 Bb7 16. Bf4 e5
17. Bc1 b5 18. Nc2 Na5 19. Ne3 c4 20. Qc2 Bc6 21. h4 Nb7
22. b4 cxb3 23. axb3 Nc5 24. Nh2 Qb7 25. Ba3 Ne6 26. Nhf1 a5
27. Bxe7 Qxe7 28. Nd5 Qc5 29. Nfe3 h5 30. Ra1 Bb7 31. Rxa5
Rxa5 32. b4 Qa7 33. bxa5 Qxa5 34. Qb2 Bxd5 35. Nxd5 Ra8
36. Bf1 Nc7 37. Rd1 Nxd5 38. Rxd5 Rc8 39. c4 Qe1 40. Qxb5 Qxe4
41. Qb7 Rxc4 42. Rd8+ Kh7 43. Qxf7 Rc1 44. Rd7 Rxf1+ 45. Kxf1
Qh1+ 46. Ke2 Qe4+ 47. Kd2 Qb4+ 48. Kd3 Qb1+ 49. Kc4 Qc2+
50. Kb5 Qb2+ 51. Kc6 Qc3+ 52. Kb7 Qb2+ 53. Kc8 e4 54. Rd6 Qc2+
55. Kd8 e3 56. Rd7 Qb2 57. Qxg7+ Qxg7 58. fxe3 1-0

[Event "European Union Individual Championships"]
[Site "Liverpool ENG"]
[Date "2006.09.14"]
[EventDate "2006.09.06"]
[Round "9"]
[Result "1/2-1/2"]
[White "Gawain Jones"]
[Black "Simon Kim Williams"]
[WhiteElo "2416"]
[BlackElo "2473"]
[PlyCount "34"]

1. d4 e6 2. c4 f5 3. Nf3 Nf6 4. g3 Be7 5. Bg2 O-O 6. O-O d6
7. Nc3 Ne4 8. Nxe4 fxe4 9. Nd2 d5 10. f3 Nc6 11. fxe4 Rxf1+
12. Nxf1 dxc4 13. Be3 a6 14. e5 Rb8 15. Rc1 Nb4 16. a3 Nd5
17. Rxc4 b5 1/2-1/2

[Event "22nd European Club Cup 2006"]
[Site "?"]
[Date "2006.10.09"]
[EventDate "2006.10.08"]
[Round "2.22"]
[Result "1-0"]
[White "Gawain Jones"]
[Black "Eelke Wiersma"]
[WhiteElo "2430"]
[BlackElo "2414"]
[PlyCount "123"]

1. e4 c5 2. Nc3 Nc6 3. Bb5 Nd4 4. Bc4 g6 5. Nf3 Bg7 6. Nxd4
cxd4 7. Qf3 Nh6 8. Ne2 O-O 9. Bb3 e6 10. d3 f5 11. Bxh6 Bxh6
12. Nxd4 fxe4 13. Qxe4 Qf6 14. Nf3 Qxb2 15. O-O a5 16. a4 Bg7
17. d4 Qc3 18. d5 Ra6 19. Rad1 Rb6 20. Rd3 Qf6 21. Nd4 Qe5
22. Qxe5 Bxe5 23. Nb5 Kg7 24. Re1 Bf6 25. g3 e5 26. d6 Rc6
27. Nc7 b6 28. Re2 Rc5 29. Bd5 Bd8 30. Nb5 Ba6 31. c4 Bxb5
32. axb5 Bf6 33. Kf1 Rcc8 34. Rde3 g5 35. Ke1 h6 36. Kd1 Kg6
37. f3 Bg7 38. Rd3 h5 39. Kc2 Rf6 40. Rxe5 Kh6 41. f4 gxf4
42. gxf4 Rxf4 43. Re7 Rd8 44. Rg3 Bf8 45. Be4 Rg4 46. Rh7+ Kg5
47. Bf3 Rxg3 48. hxg3 Bxd6 49. Rxh5+ Kg6 50. g4 Bc5 51. Be4+
Kg7 52. Rg5+ Kf7 53. Rh5 d6 54. g5 Bd4 55. g6+ Ke6 56. Rh7 Kf6
57. Kd3 Be5 58. Rb7 Rh8 59. Rxb6 Rh3+ 60. Ke2 Bd4 61. Rxd6+
Ke5 62. g7 1-0

[Event "European Club Cup"]
[Site "Feugen AUT"]
[Date "2006.10.10"]
[EventDate "2006.10.08"]
[Round "3"]
[Result "0-1"]
[White "Stephen P Scannell"]
[Black "Gawain Jones"]
[WhiteElo "2157"]
[BlackElo "2430"]
[PlyCount "104"]

1. e4 c5 2. c3 Nf6 3. e5 Nd5 4. d4 cxd4 5. Nf3 e6 6. cxd4 d6
7. Bc4 Nc6 8. O-O Be7 9. Bd2 O-O 10. Nc3 dxe5 11. dxe5 Nb6
12. Bb3 Na5 13. Bc2 Nbc4 14. Qe2 Nxd2 15. Nxd2 Nc6 16. Qe4 g6
17. Nf3 Qb6 18. Na4 Qa5 19. a3 Bd7 20. Rac1 Rac8 21. b4 Qc7
22. Bb3 Qb8 23. Rfd1 Rfd8 24. h4 Be8 25. Nc5 Rxd1+ 26. Bxd1 a5
27. Nd3 axb4 28. axb4 Na7 29. Qf4 Rxc1 30. Qxc1 Bb5 31. Nc5
Nc6 32. Qf4 Qd8 33. Bb3 Bxc5 34. bxc5 Qd3 35. Ng5 Qb1+ 36. Kh2
Qf5 37. Qxf5 gxf5 38. f4 Nb4 39. Bd1 h6 40. Nf3 Na6 41. Nd4
Bd7 42. Kg3 Nxc5 43. Kf3 f6 44. exf6 Kf7 45. Ke3 Kxf6 46. Nf3
Bc6 47. g3 Ne4 48. g4 fxg4 49. Ne5 g3 50. Bf3 Nd6 51. Nxc6
bxc6 52. Bxc6 Nf5+ 0-1

[Event "European Club Cup"]
[Site "Feugen AUT"]
[Date "2006.10.11"]
[EventDate "2006.10.08"]
[Round "4"]
[Result "0-1"]
[White "Gawain Jones"]
[Black "Hannes Stefansson"]
[WhiteElo "2430"]
[BlackElo "2551"]
[PlyCount "130"]

1. e4 c5 2. Nf3 e6 3. c3 Nf6 4. e5 Nd5 5. g3 d6 6. Bg2 Nc6
7. exd6 Bxd6 8. d4 O-O 9. O-O Nf6 10. Bg5 h6 11. Bxf6 Qxf6
12. Nbd2 Rd8 13. Ne4 Qe7 14. Nxd6 Rxd6 15. Qa4 cxd4 16. Nxd4
Nxd4 17. cxd4 Rb6 18. Qc2 Bd7 19. Rfd1 Rc8 20. Qe2 Bb5 21. Qe3
Rc2 22. Rd2 Rxd2 23. Qxd2 Qd7 24. Rc1 Rd6 25. d5 exd5 26. Qd4
a6 27. h4 Bc6 28. Rd1 Qe7 29. b3 Kf8 30. Qb4 Qe5 31. Rd4 g6
32. Qd2 Kg7 33. Kh2 Re6 34. a4 Qe2 35. Qc3 Kg8 36. Rd2 Qe5
37. Qc5 Kg7 38. a5 g5 39. Qb4 Rf6 40. h5 Rf5 41. Qg4 Qf6
42. f4 d4 43. Bxc6 bxc6 44. fxg5 Rxg5 45. Qxd4 Rxh5+ 46. Kg2
Qxd4 47. Rxd4 Rxa5 48. Rd6 Rc5 49. Kh3 a5 50. Kh4 Rc3 51. Kg4
f6 52. Kf5 Rc5+ 53. Kf4 Kg6 54. Rd7 h5 55. Rc7 Rc3 56. Ra7
Rxb3 57. Rxa5 Rb4+ 58. Kf3 Rc4 59. Ra8 h4 60. g4 f5 61. gxf5+
Kxf5 62. Rf8+ Ke5 63. Ke3 Rc3+ 64. Kd2 Rg3 65. Rc8 Kd5 0-1

[Event "European Club Cup"]
[Site "Feugen AUT"]
[Date "2006.10.12"]
[EventDate "2006.10.08"]
[Round "5"]
[Result "0-1"]
[White "Dritan Mehmeti"]
[Black "Gawain Jones"]
[WhiteElo "2396"]
[BlackElo "2430"]
[PlyCount "96"]

1. d4 Nf6 2. Bg5 e6 3. e4 h6 4. Bxf6 Qxf6 5. Nf3 d5 6. Nbd2 c5
7. e5 Qd8 8. dxc5 Bxc5 9. Nb3 Be7 10. Bd3 O-O 11. O-O Nc6
12. Re1 f6 13. c4 fxe5 14. cxd5 exd5 15. Nxe5 Nxe5 16. Rxe5
Bd6 17. Rxd5 Bxh2+ 18. Kh1 Qf6 19. Qh5 Bc7 20. Rc1 Bb6 21. Nc5
Qxb2 22. Rb1 Qxf2 23. Rf1 Qxf1+ 24. Bxf1 Rxf1+ 25. Kh2 Bc7+
26. g3 Rf2+ 27. Kg1 Rf7 28. Qe2 Bh3 29. Qh5 Rf1+ 30. Kh2 Raf8
31. Rd2 Bc8 32. Qd5+ Kh8 33. Ne6 Bxe6 34. Qxe6 R1f3 35. Rg2
Bb8 36. Qd5 b6 37. Qe6 b5 38. Qd7 b4 39. Qb5 Bd6 40. Qd5 R8f6
41. Qa8+ Kh7 42. Qe4+ g6 43. Qb7+ Rf7 44. Qd5 Bc7 45. Kh1 Rf1+
46. Rg1 R1f5 47. Qc4 Bb6 48. Rg2 Rc7 0-1

[Event "European Club Cup"]
[Site "Feugen AUT"]
[Date "2006.10.13"]
[EventDate "2006.10.08"]
[Round "6"]
[Result "1-0"]
[White "Gawain Jones"]
[Black "Adam Horvath"]
[WhiteElo "2430"]
[BlackElo "2495"]
[PlyCount "71"]

1. e4 c5 2. Nc3 Nc6 3. Bb5 Na5 4. Nf3 a6 5. Be2 b5 6. d4 cxd4
7. Nxd4 e6 8. a3 Bb7 9. O-O d6 10. Ncxb5 Nf6 11. Bg5 Be7
12. b4 Nxe4 13. Bxe7 Qxe7 14. f3 Nf6 15. bxa5 axb5 16. Bxb5+
Kf8 17. Qd2 Qc7 18. Rfe1 Kg8 19. Nb3 h5 20. Rad1 Bd5 21. Qd3
Qa7+ 22. Qd4 Bxb3 23. Qxa7 Rxa7 24. cxb3 Rxa5 25. a4 Nd5
26. Rxd5 exd5 27. Re8+ Kh7 28. Rxh8+ Kxh8 29. Kf2 Kg8 30. Ke3
Kf8 31. Kd4 Ke7 32. Kxd5 Ra8 33. Kc6 Rc8+ 34. Kb7 Rc5 35. Kb6
Rc3 36. Bc4 1-0

[Event "European Club Cup"]
[Site "Feugen AUT"]
[Date "2006.10.08"]
[EventDate "2006.10.08"]
[Round "1"]
[Result "0-1"]
[White "Ante Brkic"]
[Black "Gawain Jones"]
[WhiteElo "2541"]
[BlackElo "2430"]
[PlyCount "88"]

1. e4 c5 2. Nf3 d6 3. d4 cxd4 4. Nxd4 Nf6 5. Nc3 g6 6. Be3 Bg7
7. f3 Nc6 8. Qd2 O-O 9. Bc4 Bd7 10. h4 Rc8 11. Bb3 h5
12. O-O-O Na5 13. Kb1 Nc4 14. Bxc4 Rxc4 15. Nb3 Qc7 16. Bd4
Rc8 17. Bxf6 Bxf6 18. Nd5 Rxc2 19. Nxc7 Rxd2 20. Rxd2 Rxc7
21. g3 Be5 22. f4 Bg7 23. Rc2 Rxc2 24. Kxc2 f5 25. exf5 Bxf5+
26. Kc1 e5 27. Rd1 Bh6 28. Rf1 Kf7 29. Kd2 Kf6 30. Ke2 Bg4+
31. Kd3 Bf5+ 32. Ke2 Bg4+ 33. Kd3 Bf5+ 34. Kc3 exf4 35. gxf4
Bh3 36. Rf3 Bg4 37. Rf1 Kf5 38. Nd4+ Ke4 39. Re1+ Kd5 40. Re7
Bxf4 41. Rxb7 Be5 42. Rb4 Ke4 43. b3 Bd7 44. Rc4 d5 0-1

[Event "Bunratty Masters op"]
[Site "Bunratty"]
[Date "2006.02.19"]
[EventDate "2006.02.17"]
[Round "5"]
[Result "0-1"]
[White "Gawain Jones"]
[Black "Simon Kim Williams"]
[WhiteElo "2418"]
[BlackElo "2452"]
[PlyCount "75"]

1. e4 e6 2. d3 c5 3. Nf3 Nc6 4. g3 g6 5. Bg5 f6 6. Be3 d5
7. exd5 exd5 8. d4 Bg4 9. Be2 Nge7 10. dxc5 Nf5 11. Nd4 Nxe3
12. fxe3 Bxe2 13. Qxe2 Bxc5 14. Nc3 Qe7 15. Nxd5 Qe5 16. Ne6
Kf7 17. Nef4 Rhe8 18. O-O Kg7 19. Rae1 Nd4 20. Qc4 Rac8
21. Nxf6 Qxf6 22. Nh5+ gxh5 23. Rxf6 Kxf6 24. Qc3 Bb6 25. Rf1+
Kg7 26. Qb4 Rxe3 27. Kh1 Nf3 28. c3 Rf8 29. Qb5 Rf6 30. Qxh5
h6 31. h4 Kh7 32. Qd5 Kh8 33. Qxb7 h5 34. Qd5 Kg7 35. Qxh5 Ne5
36. Rxf6 Re1+ 37. Kh2 Kxf6 38. Qh8+ 0-1

[Event "5th Gibraltar Chess Festival"]
[Site "Catalan Bay ENG"]
[Date "2007.01.31"]
[EventDate "2007.01.23"]
[Round "8"]
[Result "0-1"]
[White "Alexander van Beek"]
[Black "Gawain Jones"]
[WhiteElo "2399"]
[BlackElo "2509"]
[PlyCount "76"]

1. e4 c5 2. Nf3 d6 3. d4 cxd4 4. Nxd4 Nf6 5. Nc3 g6 6. Be3 a6
7. f3 b5 8. a4 b4 9. Nd5 Nxd5 10. exd5 Bg7 11. Qd2 Bb7 12. Bc4
Qa5 13. Nb3 Qc7 14. Qxb4 a5 15. Bb5+ Nd7 16. Bxd7+ Qxd7
17. Nxa5 Bxd5 18. Bd4 Bxd4 19. Qxd4 Qe6+ 20. Kf2 O-O 21. b4
Rac8 22. Rac1 Ba8 23. c4 Qd7 24. b5 e5 25. Qe3 f5 26. Rhd1 f4
27. Qb6 e4 28. Rxd6 Qe7 29. Qd4 exf3 30. gxf3 Qh4+ 31. Ke2
Rce8+ 32. Kd2 Re3 33. Kc2 Qxh2+ 34. Kb1 Bxf3 35. Qb2 Be4+
36. Ka1 Qg3 37. Qe5 Re1 38. Rxe1 Qa3+ 0-1

[Event "5th Gibraltar Chess Festival"]
[Site "Catalan Bay ENG"]
[Date "2007.02.01"]
[EventDate "2007.01.23"]
[Round "9"]
[Result "1-0"]
[White "Gawain Jones"]
[Black "Justin Sarkar"]
[WhiteElo "2509"]
[BlackElo "2405"]
[PlyCount "137"]

1. e4 c5 2. Nc3 Nc6 3. Bb5 Nd4 4. Bc4 e6 5. Nge2 Nf6 6. O-O a6
7. d3 b5 8. Bb3 Nxb3 9. axb3 Bb7 10. Bg5 d6 11. f4 Be7 12. f5
e5 13. Bxf6 Bxf6 14. Ng3 Bh4 15. Nh5 g6 16. Ng7+ Ke7 17. Qf3
Rg8 18. f6+ Kf8 19. Nd5 Bxd5 20. exd5 Bxf6 21. Ne6+ fxe6
22. Qxf6+ Qxf6 23. Rxf6+ Ke7 24. Rxe6+ Kd7 25. Rf6 Ke7
26. Raf1 Rgf8 27. Rxf8 Rxf8 28. Ra1 Ra8 29. Kf2 a5 30. Ke3 h5
31. g3 b4 32. h3 Kd7 33. Ke4 Ke7 34. c3 Rb8 35. Rxa5 bxc3
36. bxc3 Rxb3 37. Ra7+ Kf6 38. Rd7 Rb6 39. h4 Ra6 40. Kf3 Rb6
41. g4 hxg4+ 42. Kxg4 Ra6 43. Kf3 Rb6 44. Ke3 Ra6 45. c4 Rb6
46. Kd2 e4 47. dxe4 Ke5 48. Rg7 Kd4 49. Rxg6 Rb2+ 50. Ke1 Kxe4
51. Rxd6 Kd4 52. Re6 Rb7 53. d6 Rd7 54. h5 Kxc4 55. h6 Rh7
56. Re2 Rxh6 57. d7 Rh1+ 58. Kd2 Rh8 59. Re8 Rh2+ 60. Ke3 Rh3+
61. Kf4 Rh4+ 62. Kg3 Rd4 63. d8=Q Rxd8 64. Rxd8 Kb3 65. Kf2 c4
66. Ke2 Kc2 67. Rc8 c3 68. Rc7 Kb2 69. Kd3 1-0

[Event "European Individual Championships"]
[Site "Dresden GER"]
[Date "2007.04.03"]
[EventDate "2007.04.03"]
[Round "1"]
[Result "1/2-1/2"]
[White "Gawain Jones"]
[Black "Veit Godoj"]
[WhiteElo "2509"]
[BlackElo "2113"]
[PlyCount "114"]

1. e4 c5 2. Nc3 g6 3. d4 cxd4 4. Qxd4 Nf6 5. Nf3 Nc6 6. Qa4 d6
7. e5 dxe5 8. Nxe5 Bd7 9. Nxd7 Qxd7 10. Be3 Bg7 11. Rd1 Qc8
12. Bb5 O-O 13. Bxc6 bxc6 14. O-O Qb7 15. Qb3 Qa6 16. Bc5 Rab8
17. Qa4 Qxa4 18. Nxa4 Rb7 19. Rfe1 Re8 20. c4 e6 21. b3 Bf8
22. Bxf8 Kxf8 23. Nc5 Rc7 24. Re3 Ke7 25. Red3 a5 26. f3 h5
27. Kf2 Ra8 28. h4 Rca7 29. a3 Rc8 30. Ke3 Rcc7 31. Kf4 Nd7
32. Nxd7 Rxd7 33. Rxd7+ Rxd7 34. Rxd7+ Kxd7 35. Kg5 c5 36. Kf6
Ke8 37. g3 Kf8 38. a4 Ke8 39. g4 hxg4 40. fxg4 Kf8 41. h5 gxh5
42. gxh5 Kg8 43. Ke5 f5 44. b4 cxb4 45. c5 b3 46. c6 b2 47. c7
b1=Q 48. c8=Q+ Kg7 49. Qc7+ Kh6 50. Qxa5 Qe4+ 51. Kf6 Kxh5
52. Qb5 Kg4 53. a5 f4 54. Qg5+ Kh3 55. Qh5+ Kg3 56. Qg5+ Kh3
57. Qh5+ Kg3 1/2-1/2

[Event "European Individual Championships"]
[Site "Dresden GER"]
[Date "2007.04.04"]
[EventDate "2007.04.03"]
[Round "2"]
[Result "1-0"]
[White "Boris Bruned"]
[Black "Gawain Jones"]
[WhiteElo "2211"]
[BlackElo "2509"]
[PlyCount "89"]

1. e4 c5 2. Nf3 d6 3. d4 cxd4 4. Nxd4 Nf6 5. Nc3 g6 6. Be3 a6
7. f3 b5 8. Qd2 Bb7 9. a4 b4 10. Na2 e5 11. Qxb4 Qc8 12. Nb3
d5 13. Qc3 Nbd7 14. Qxc8+ Rxc8 15. Na5 Ba8 16. O-O-O dxe4
17. Bxa6 Rc7 18. Rhf1 Nd5 19. Rxd5 Bxd5 20. Nc3 Rxc3 21. bxc3
Ba3+ 22. Kb1 exf3 23. gxf3 Ke7 24. Bb5 Ra8 25. c4 Be6 26. Nc6+
Kd6 27. Rd1+ Kc7 28. a5 f6 29. Ka2 Bc5 30. Bxc5 Nxc5 31. Ka3
Bf5 32. Rd2 Ne6 33. Kb4 Ng5 34. Rf2 Bc8 35. f4 Nh3 36. Rd2
Nxf4 37. Ne7 Be6 38. Nd5+ Bxd5 39. cxd5 Rd8 40. Kc5 e4 41. d6+
Kb8 42. Kb6 e3 43. a6 Rc8 44. a7+ Ka8 45. d7 1-0

[Event "European Individual Championships"]
[Site "Dresden GER"]
[Date "2007.04.05"]
[EventDate "2007.04.03"]
[Round "3"]
[Result "1-0"]
[White "Gawain Jones"]
[Black "Leonid Sobolevsky"]
[WhiteElo "2509"]
[BlackElo "2336"]
[PlyCount "83"]

1. e4 e5 2. Nf3 Nc6 3. d4 exd4 4. Nxd4 Qf6 5. Nxc6 Bc5 6. Qf3
bxc6 7. Qg3 d6 8. Nc3 Ne7 9. Bc4 Rb8 10. O-O Ng6 11. Be3 Bb6
12. Na4 O-O 13. Nxb6 axb6 14. f4 d5 15. exd5 cxd5 16. Bxd5 Ne7
17. Rad1 Nf5 18. Qf2 Qxb2 19. Bc1 Qc3 20. Rd3 Qc5 21. Qxc5
bxc5 22. Rc3 Ba6 23. Bc4 Bxc4 24. Rxc4 Rb5 25. Ba3 Ra8
26. Bxc5 Rxa2 27. g4 Nh6 28. Re1 Ra8 29. h3 f5 30. g5 Nf7
31. Bd4 Rd5 32. Re7 c5 33. Bxc5 Rd2 34. Ra4 Rb8 35. Rb4 Ra8
36. Ra4 Rb8 37. Bf2 Nd6 38. Rd4 Rb1+ 39. Kg2 Rbd1 40. Rxd2
Rxd2 41. Rd7 Kf8 42. Rxd6 1-0

[Event "European Individual Championships"]
[Site "Dresden GER"]
[Date "2007.04.06"]
[EventDate "2007.04.03"]
[Round "4"]
[Result "1-0"]
[White "Yaroslav Zherebukh"]
[Black "Gawain Jones"]
[WhiteElo "2359"]
[BlackElo "2509"]
[PlyCount "97"]

1. e4 c5 2. Nf3 d6 3. d4 cxd4 4. Nxd4 Nf6 5. Nc3 g6 6. Be3 Bg7
7. f3 O-O 8. Bc4 Nc6 9. Qd2 Bd7 10. O-O-O Rb8 11. h4 Na5
12. Be2 b5 13. Ndxb5 a6 14. Nd4 Rb4 15. g4 Nc4 16. Bxc4 Rxc4
17. h5 Qb8 18. hxg6 fxg6 19. Nde2 Qb4 20. g5 Ne8 21. a3 Qb7
22. Nd4 Nc7 23. Qd3 Rc5 24. b4 Rxc3 25. Qxc3 d5 26. Qd2 e5
27. Qh2 Kf7 28. Nb3 d4 29. Nxd4 exd4 30. Bxd4 Ne6 31. Bxg7
Nxg7 32. Qd6 Ba4 33. Rxh7 Qc6 34. Qxc6 Bxc6 35. Rd6 Rc8 36. c4
Be8 37. c5 a5 38. Kb2 axb4 39. axb4 Kg8 40. Rh2 Bf7 41. f4 Ra8
42. Rhd2 Ra4 43. Rd8+ Ne8 44. Rb8 Ra2+ 45. Kc3 Ra3+ 46. Kd4
Kg7 47. Rb7 Kf8 48. Ke5 Re3 49. Rd8 1-0